The origins of the First World War: Great Power rivalry and German war aims / (Record no. 9731)
[ view plain ]
| 000 -LEADER | |
|---|---|
| fixed length control field | 01296cam a2200289 4500 |
| 001 - CONTROL NUMBER | |
| JCCL Control Number | 9731 |
| 003 - CONTROL NUMBER IDENTIFIER | |
| JCCL marc code | BD-JhCC |
| 005 - DATE AND TIME OF LATEST TRANSACTION | |
| control field | 20180324102043.0 |
| 008 - FIXED-LENGTH DATA ELEMENTS--GENERAL INFORMATION | |
| fixed length control field | 180324s1972 enk b 001 0 eng |
| 020 ## - INTERNATIONAL STANDARD BOOK NUMBER | |
| International Standard Book Number | 0333085442 |
| -- | 0333123662 (pbk.) |
| 035 ## - SYSTEM CONTROL NUMBER | |
| system control number | (BD-JhCC)9731 |
| 040 ## - CATALOGING SOURCE | |
| Original cataloging agency | DLC |
| Transcribing agency | DLC |
| Modifying agency | DLC |
| -- | BD-JhCC |
| 041 ## - LANGUAGE CODE | |
| Language code of Book | eng |
| 050 00 - LIBRARY OF CONGRESS CALL NUMBER | |
| Classification number | D515 |
| Item number | .K63 1972b |
| 082 00 - DEWEY DECIMAL CLASSIFICATION NUMBER | |
| Classification number | 940.3/11 |
| Author mark and Year | KOC 1972 |
| 100 1# - MAIN ENTRY--PERSONAL NAME | |
| Personal name | Koch, H. W. |
| Fuller form of name | (Hannsjoachim Wolfgang), |
| Dates associated with a name | 1933- |
| 245 14 - TITLE STATEMENT | |
| Title | The origins of the First World War: Great Power rivalry and German war aims / |
| Statement of responsibility, etc | edited by H. W. Koch. |
| 260 ## - PUBLICATION, DISTRIBUTION, ETC. (IMPRINT) | |
| Place of publication, distribution, etc | Basingstoke : |
| Name of publisher, distributor, etc | Macmillan, |
| Date of publication, distribution, etc | 1972. |
| 300 ## - PHYSICAL DESCRIPTION | |
| Pagination | vii, 373 p. |
| Dimensions | 19 cm. |
| 350 ## - PRICE (NR) (BK AM CF MU VM SE) [OBSOLETE] | |
| Price | £2.50 |
| 504 ## - BIBLIOGRAPHY, ETC. NOTE | |
| Bibliography, etc | Bibliography: p. [356]-364. |
| 505 0# - FORMATTED CONTENTS NOTE | |
| Formatted contents note | Joll, J. The 1914 debate continues.--Hatton, P. H. S. Britain and Germany in 1914.--Geiss, I. Origins of the First World War.--Fischer, F. World policy, world power and German war aims.--Zechlin, E. Cabinet versus economic warfare in Germany.--Janssen, K. H. Gerhard Ritter.--Epstein, K. Gerhard Ritter and the First World War.--Joll, J. 1914: The unspoken assumptions.--Koch, H. W. Social Darwinism as a factor in the New Imperialism. |
| 650 #0 - SUBJECT ADDED ENTRY--TOPICAL TERM | |
| Topical term or geographic name as entry element | World War, 1914-1918 |
| Geographic subdivision | Germany. |
| 650 #0 - SUBJECT ADDED ENTRY--TOPICAL TERM | |
| Topical term or geographic name as entry element | World War, 1914-1918 |
| General subdivision | Causes. |
| 942 ## - ADDED ENTRY ELEMENTS (KOHA) | |
| Source of classification or shelving scheme | Dewey Decimal Classification |
| Koha item type | Books |
| Source of classification or shelving scheme | Damaged status | Not for loan | Home library | Current library | Shelving location | Date of accession | Total Checkouts | Full call number | Barcode | Date last seen | Date checked out | Copy number | Koha item type |
|---|---|---|---|---|---|---|---|---|---|---|---|---|---|
| Dewey Decimal Classification | JCC Rouf Library | JCC Rouf Library | General Stacks | 11/11/2024 | 1 | 940.3/11 KOC 1972 | 12754 | 11/24/2024 | 11/11/2024 | C - 1 | Books |